| Tag |
First Indicator |
Second Indicator |
Subfields |
| LEADER |
00000cam a2200000 a 4500 |
| 001 |
in00000014988 |
| 005 |
20151007052937.0 |
| 008 |
851126s1986 nju s01000beng |
| 010 |
|
|
|a 85030022
|
| 020 |
|
|
|a 0813511712 (pbk.)
|
| 035 |
|
|
|a (OCoLC)12971225
|
| 035 |
|
|
|9 AAA9795AM
|
| 040 |
|
|
|a DLC
|c DLC
|d m/c
|d TXA
|d UtOrBLW
|
| 049 |
|
|
|a TXAM
|c [A11486981]
|
| 050 |
0 |
0 |
|a E175.5.S96
|b I6 1986
|
| 082 |
0 |
|
|a 973/.072024
|a B
|2 19
|
| 245 |
0 |
0 |
|a In memory of Warren I. Susman, 1927-1985 :
|b papers delivered at Scott Hall, Rutgers, the State University of New Jersey, May 5, 1985.
|
| 264 |
|
1 |
|a New Brunswick, N.J. :
|b Rutgers University Press,
|c [1986]
|
| 264 |
|
4 |
|c ©1986
|
| 300 |
|
|
|a 57 pages ;
|c 22 cm.
|
| 336 |
|
|
|a text
|b txt
|2 rdacontent
|
| 337 |
|
|
|a unmediated
|b n
|2 rdamedia
|
| 338 |
|
|
|a volume
|b nc
|2 rdacarrier
|
| 600 |
1 |
0 |
|a Susman, Warren,
|d 1927-1985.
|
| 650 |
|
0 |
|a Historians
|z United States
|v Biography.
|
| 700 |
1 |
|
|a Susman, Warren,
|d 1927-1985.
|
| 710 |
2 |
|
|a Rutgers University.
|
| 999 |
|
|
|a MARS
|
| 999 |
f |
f |
|s cbaa8df5-ab84-3840-9900-35f43e9438ac
|i f07094e3-c893-3cd4-9f43-adbab373a057
|t 0
|
| 952 |
f |
f |
|p ric
|a Texas A&M University
|b Rellis Campus
|c Joint Library Facility
|d Remote Storage
|t 0
|e E175.5.S96 I6 1986
|h Library of Congress classification
|i unmediated -- volume
|m A14811486981
|
| 998 |
f |
f |
|a E175.5.S96 I6 1986
|t 0
|l Remote Storage
|